特急「九州横断特急」の停車駅 - Statistics

General Stats
  • This quiz has been taken 65 times
  • The average score is 9 of 12
Answer Stats
停車駅 % Correct
熊本
100%
大分
100%
阿蘇
93%
別府
91%
肥後大津
76%
豊後竹田
72%
新水前寺
70%
宮地
69%
立野
61%
三重町
57%
豊後荻
33%
緒方
30%
No matching quizzes found
Score Distribution
Percent of People with Each Score
Percentile by Number Answered
Your Score History
You have not taken this quiz